[Event "hungary defence  slow knockout"]
[Site "SchemingMind.com"]
[Date "2018.02.04"]
[Round "-"]
[White "echecs"]
[Black "frankly"]
[Result "0-1"]
[WhiteCountry "ENG"]
[BlackCountry "ENG"]
[WhiteElo "1785"]
[WhiteRD "73"]
[BlackElo "2669"]
[BlackRD "65"]
[GameID "424403"]

1. e4 e5 2. Nf3 Nc6 3. Bc4 Be7 4. d4 d6 5. dxe5 dxe5 6. O-O Qxd1 7. Rxd1 Nf6 8. Nc3 Bg4 9. Be2 Bxf3 10. Bxf3 Nd4
11. Bg5 O-O-O 12. Rac1 Nxf3+ 13. gxf3 Nd5 14. Bxe7 Nxe7 15. a3 Ng6 16. Nd5 c6 17. Ne3 Nh4 18. h3 f6 19. Kh2 Nxf3+ 20. Kg3 Ng5
21. f3 Ne6 22. Nf5 Rxd1 23. Rxd1 Rd8 24. Rc1 g6 25. Nh6 Rd2 26. Ng8 Nf4 27. Rb1 Rg2+ 28. Kh4 g5#
0-1

[Event "hungary defence  slow knockout"]
[Site "SchemingMind.com"]
[Date "2018.03.22"]
[Round "-"]
[White "Chessibelle"]
[Black "pnwmusichound"]
[Result "0-1"]
[WhiteCountry "ENG"]
[BlackCountry "USA"]
[WhiteElo "1134"]
[WhiteRD "60"]
[BlackElo "1914"]
[BlackRD "101"]
[GameID "426019"]

1. e4 e5 2. Nf3 Nc6 3. Bc4 Be7 4. O-O Nf6 5. b3 O-O 6. Nc3 d6 7. Be2 h6 8. d3 Be6 9. Bb2 Qd7 10. g3 a6
11. d4 exd4 12. Nxd4 Nxd4 13. Bd3 Nh7 14. Re1 Ng5 15. Kh1 Bg4 16. Qc1 Bf3+ 17. Kg1 Qh3 18. Bf1 Qg4 19. Bg2 Bxg2 20. f4 Ndf3+
21. Kxg2 Qh3+ 22. Kf2 Qxh2+ 23. Ke3 Qxg3 24. Rf1 Nh2+ 25. Kd4 Ne6+ 26. Kc4 Nxf1 27. Qd1 Ne3+
0-1

[Event "hungary defence  slow knockout"]
[Site "SchemingMind.com"]
[Date "2018.03.22"]
[Round "-"]
[White "pnwmusichound"]
[Black "Chessibelle"]
[Result "1-0"]
[WhiteCountry "USA"]
[BlackCountry "ENG"]
[WhiteElo "1914"]
[WhiteRD "101"]
[BlackElo "1134"]
[BlackRD "60"]
[GameID "426020"]

1. e4 e5 2. Nf3 Nc6 3. Bc4 Be7 4. d4 Nf6 5. Nxe5 d5 6. Bb5 O-O 7. Bxc6 Nxe4 8. Bb5 Nd6 9. Bd3 c6 10. O-O f6
11. Nf3 h6 12. h3 a6 13. Bd2 Be6 14. Re1 Bf7 15. Nh4 g5 16. Ng6 Bxg6 17. Bxg6 Kh8 18. Qh5 Kg7 19. Nc3 f5 20. Re6 Rf6
21. Bxg5 Qd7 22. Qxh6+ Kg8 23. Qh7+
1-0

[Event "hungary defence  slow knockout"]
[Site "SchemingMind.com"]
[Date "2018.04.25"]
[Round "-"]
[White "Johnny Owens"]
[Black "Till Plewe"]
[Result "1/2-1/2"]
[WhiteCountry "USA"]
[BlackCountry "JPN"]
[WhiteElo "2252"]
[WhiteRD "63"]
[BlackElo "2469"]
[BlackRD "75"]
[GameID "427516"]

1. e4 e5 2. Nf3 Nc6 3. Bc4 Be7 4. d4 exd4 5. Nxd4 Nf6 6. Nxc6 bxc6 7. Nc3 d6 8. O-O O-O 9. b3 Nd7 10. Be3 Bf6
11. Qd2 Re8 12. Rad1 Bb7 13. Rfe1 a5 14. f4 Nb6 15. Bxb6 cxb6 16. e5 dxe5 17. Qf2 Qc7 18. Ne4 exf4 19. Nxf6+ gxf6 20. Qh4 Rxe1+
21. Rxe1 Kg7 22. Qg4+ Kf8 23. Qh4 Kg7 24. Qg4+ Kf8=
1/2-1/2

[Event "hungary defence  slow knockout"]
[Site "SchemingMind.com"]
[Date "2018.04.24"]
[Round "-"]
[White "Till Plewe"]
[Black "Johnny Owens"]
[Result "1/2-1/2"]
[WhiteCountry "JPN"]
[BlackCountry "USA"]
[WhiteElo "2483"]
[WhiteRD "79"]
[BlackElo "2302"]
[BlackRD "68"]
[GameID "427517"]

1. e4 e5 2. Nf3 Nc6 3. Bc4 Be7 4. O-O Nf6 5. d3 O-O 6. Re1 d6 7. a4 Na5 8. Ba2 c5 9. Na3 Be6 10. Bxe6 fxe6
11. c3 a6 12. Bd2 Nc6 13. h3 Qe8 14. b4 cxb4 15. cxb4 d5 16. exd5 Nxd5 17. Nc2 Bd6 18. Re4 Nf6 19. Re1 Nd5 20. Qe2 Ndxb4
21. Nxb4 Bxb4 22. Bxb4 Nxb4 23. Nxe5 Rc8 24. Qg4 Nd5 25. Nc4 Rc6 26. Rab1 Qe7 27. Na5 Rc2 28. Rxb7 h5 29. Qxe6+ Qxe6 30. Rxe6 Rfxf2
31. Rg6 Rf7 32. Rxf7 Kxf7 33. Rxa6 Nf4 34. Nc6 Rxg2+ 35. Kf1 Rh2 36. Ne5+ Ke7 37. Ng6+ Nxg6 38. Rxg6 Kf7 39. Rg3 Kf6 40. d4 Ra2
41. Rf3+=
1/2-1/2

[Event "hungary defence  slow knockout"]
[Site "SchemingMind.com"]
[Date "2018.04.30"]
[Round "-"]
[White "kenneth m day"]
[Black "pioneer"]
[Result "1-0"]
[WhiteCountry "USA"]
[BlackCountry "RUS"]
[WhiteElo "1778"]
[WhiteRD "61"]
[BlackElo "1937"]
[BlackRD "90"]
[GameID "427602"]

1. e4 e5 2. Nf3 Nc6 3. Bc4 Be7 4. Nc3 Nf6 5. d3 d6 6. O-O O-O 7. h3 Na5 8. Bb3 c6 9. Be3 Qc7 10. Qd2 b5
11. a3 Nxb3 12. cxb3 d5 13. exd5 cxd5 14. Nxb5 Qb8 15. a4 a6 16. Nc3 d4 17. Nxd4 exd4 18. Bxd4
1-0

[Event "hungary defence  slow knockout"]
[Site "SchemingMind.com"]
[Date "2018.04.30"]
[Round "-"]
[White "pioneer"]
[Black "kenneth m day"]
[Result "0-1"]
[WhiteCountry "RUS"]
[BlackCountry "USA"]
[WhiteElo "1937"]
[WhiteRD "90"]
[BlackElo "1778"]
[BlackRD "61"]
[GameID "427603"]

1. e4 e5 2. Nf3 Nc6 3. Bc4 Be7 4. O-O Nf6 5. d3 O-O 6. Re1 Re8 7. c3 d6 8. a4 a6 9. Qb3 Rf8 10. a5 Bg4
11. Nbd2 Rb8 12. h3 Bh5 13. Nh2 Bg6 14. Ndf3 h6 15. Qa2 Qd7 16. b4 Nd8 17. Be3 Ne6 18. Nf1 Nh5 19. Bb3 Nhf4 20. Qd2 Kh8
0-1

[Event "hungary defence  slow knockout"]
[Site "SchemingMind.com"]
[Date "2018.07.20"]
[Round "-"]
[White "Jari Laine"]
[Black "frankly"]
[Result "1/2-1/2"]
[WhiteCountry "FIN"]
[BlackCountry "ENG"]
[WhiteElo "2488"]
[WhiteRD "72"]
[BlackElo "2538"]
[BlackRD "63"]
[GameID "430306"]

1. e4 e5 2. Nf3 Nc6 3. Bc4 Be7 4. d4 d6 5. d5 Nb8 6. Bd3 Nf6 7. c4 O-O 8. Nc3 h6 9. h3 Nbd7 10. Be3 Re8
11. O-O Nh7 12. b4 Ng5 13. Nd2 a5 14. a3 Nf8 15. Re1 Ng6 16. Bf1 Rf8 17. Rc1 b6 18. Nb5 axb4 19. axb4 f5 20. exf5 Nh4
21. f6 Bxf6 22. c5 bxc5 23. bxc5 Nf5 24. Qb3 Ba6 25. Rb1 Nh7 26. Ne4 Bg5 27. Nxg5 Nxg5 28. Bxg5 hxg5 29. Bd3 Bxb5 30. Bxf5 Rxf5
31. Qxb5 Rf4 32. f3 Rd4 33. Rbd1 Qb8 34. Qxb8+ Rxb8 35. Rxd4 exd4 36. cxd6 cxd6 37. Kf1 Kf7 38. Re6 Rb1+ 39. Ke2 Rb2+ 40. Kd3 Rxg2
41. Rxd6 Rg3=
1/2-1/2

[Event "hungary defence  slow knockout"]
[Site "SchemingMind.com"]
[Date "2018.07.20"]
[Round "-"]
[White "frankly"]
[Black "Jari Laine"]
[Result "1/2-1/2"]
[WhiteCountry "ENG"]
[BlackCountry "FIN"]
[WhiteElo "2538"]
[WhiteRD "63"]
[BlackElo "2488"]
[BlackRD "72"]
[GameID "430307"]

1. e4 e5 2. Nf3 Nc6 3. Bc4 Be7 4. d4 exd4 5. Nxd4 d6 6. O-O Nf6 7. Nc3 O-O 8. h3 Ne5 9. Bb3 c5 10. Nf3 c4
11. Nxe5 cxb3 12. Nf3 bxa2 13. Rxa2 Be6 14. Ra1 d5 15. e5 Ne4 16. Ne2 Bc5 17. Nf4 Re8 18. Nd3 Qb6 19. Nxc5 Qxc5 20. Be3 Qc7
21. Qd3 b6 22. Bf4 Nc5 23. Qe3 Qc8 24. Nd4 Bd7 25. Rfd1 a5 26. Ra3 a4 27. Bh6 Bf5 28. b4 Ne4 29. Bxg7 Kxg7 30. f3 Bg6
31. fxe4 Rxe5 32. Nf5+ Qxf5 33. exf5 Rxe3 34. Rxe3 Bxf5 35. Rxd5 Bxc2 36. Rg3+ Kh8 37. Ra3 Bb3 38. Rb5 Rb8 39. Kf2 Kg7 40. Kg3 Kg6
41. Kf3 Bc4 42. Re5 Bb3 43. g4 Rd8 44. Ke3=
1/2-1/2

[Event "hungary defence  slow knockout"]
[Site "SchemingMind.com"]
[Date "2018.11.17"]
[Round "-"]
[White "Till Plewe"]
[Black "kenneth m day"]
[Result "1-0"]
[WhiteCountry "JPN"]
[BlackCountry "USA"]
[WhiteElo "2477"]
[WhiteRD "79"]
[BlackElo "1732"]
[BlackRD "59"]
[GameID "434747"]

1. e4 e5 2. Nf3 Nc6 3. Bc4 Be7 4. d4 d6 5. d5 Na5 6. Be2 Bd7 7. b4 c6 8. O-O Nf6 9. Nfd2 cxd5 10. exd5 Nxd5
11. bxa5 Qxa5 12. Nb3 Qc7 13. Qxd5 Be6 14. Bb5+ Kf8 15. Qd1 Qb6 16. Be2 Rc8 17. Be3 Qc6 18. c4 f6 19. N1d2 Kf7 20. Bf3 Qd7
21. Rc1 Rhd8 22. Bd5 Bxd5 23. cxd5
1-0

[Event "hungary defence  slow knockout"]
[Site "SchemingMind.com"]
[Date "2018.11.17"]
[Round "-"]
[White "kenneth m day"]
[Black "Till Plewe"]
[Result "0-1"]
[WhiteCountry "USA"]
[BlackCountry "JPN"]
[WhiteElo "1735"]
[WhiteRD "57"]
[BlackElo "2468"]
[BlackRD "78"]
[GameID "434748"]

1. e4 e5 2. Nf3 Nc6 3. Bc4 Be7 4. d4 exd4 5. c3 Na5 6. Bd3 dxc3 7. Nxc3 d6 8. O-O Nf6 9. Bd2 Nc6 10. Re1 O-O
11. Rc1 Bg4 12. Be2 Re8 13. h3 Bh5 14. Bg5 h6 15. Bxf6 Bxf6 16. Qd5 Bg6 17. Bd3 Nb4 18. Qxb7 Nxd3 19. Nd5 Nxe1 20. Rxe1 Rb8
21. Qxa7 Rxb2 22. Qxc7 Qxc7 23. Nxc7 Rxe4
0-1

[Event "hungary defence  slow knockout"]
[Site "SchemingMind.com"]
[Date "2018.12.31"]
[Round "-"]
[White "Helga1946"]
[Black "frankly"]
[Result "0-1"]
[WhiteCountry "GER"]
[BlackCountry "ENG"]
[WhiteElo "2185"]
[WhiteRD "84"]
[BlackElo "2545"]
[BlackRD "65"]
[GameID "436442"]

1. e4 e5 2. Nf3 Nc6 3. Bc4 Be7 4. c3 Nf6 5. d4 d6 6. Ng5 O-O 7. Nxf7 Rxf7 8. Bxf7+ Kxf7 9. d5 Nb8 10. f3 c6
11. c4 b5 12. cxb5 cxd5 13. Be3 d4 14. Bd2 a6 15. O-O Be6 16. bxa6 Qb6 17. Qc1 Kg8 18. b3 Qxa6 19. Bg5 Nc6 20. Nd2 h6
21. Bh4 Nh5 22. Bxe7 Nf4 23. Qd1 Ne2+ 24. Kh1 Nxe7 25. a4 Nc6 26. Qe1 Nb4 27. Qh4 Nc2 28. Qe7 Bf7 29. Rab1 Ne3 30. Rfe1 Qd3
31. Rb2 Qc3
0-1

[Event "hungary defence  slow knockout"]
[Site "SchemingMind.com"]
[Date "2018.12.31"]
[Round "-"]
[White "frankly"]
[Black "Helga1946"]
[Result "1-0"]
[WhiteCountry "ENG"]
[BlackCountry "GER"]
[WhiteElo "2572"]
[WhiteRD "66"]
[BlackElo "2193"]
[BlackRD "81"]
[GameID "436443"]

1. e4 e5 2. Nf3 Nc6 3. Bc4 Be7 4. d4 exd4 5. Nxd4 Nf6 6. Nc3 O-O 7. O-O Bc5 8. Nb3 Bb4 9. Nd5 Be7 10. Re1 Ne5
11. Nxe7+ Qxe7 12. Bf1 Re8 13. Nd4 a6 14. Nf5 Qe6 15. c4 d6 16. Bd2 b6 17. f3 Bb7 18. Bc3 a5 19. b3 h6 20. Rc1 Rab8
21. Ne3 Qe7 22. g3 Qd8 23. Bg2 Ned7 24. Qc2 Nc5 25. Rcd1 Ncd7 26. a3 Re6 27. Bh3 Re8 28. Nf5 Bc6 29. Bg2 Ba8 30. f4 Re6
31. Nd4 Re8 32. e5 dxe5 33. fxe5 Nxe5 34. Rxe5 Rxe5 35. Nc6 Qe8 36. Nxe5 Qe7 37. b4 axb4 38. axb4 Re8 39. b5 Bxg2 40. Kxg2 Qe6
41. Re1 Qc8 42. Qd3 Qa8+ 43. Nc6 Rxe1 44. Bxe1 Qe8 45. Bd2 Qe6 46. Bf4 Ne8 47. h4 Kh8 48. Nb4 Kg8 49. Kf1 Kh8 50. Kf2 Qh3
51. Nd5 Qh2+ 52. Ke1 Qg1+ 53. Kd2 Qa1 54. Nxc7 Nf6 55. Nd5 Qb2+ 56. Ke1 Qa1+ 57. Ke2 Qa2+ 58. Kf3 Qa1 59. Nxf6 Qxf6 60. Qd5 Qc3+
61. Be3 Qf6+ 62. Kg2 Kh7 63. Bd4 Qg6 64. c5 bxc5 65. Bxc5
1-0

[Event "hungary defence  slow knockout"]
[Site "SchemingMind.com"]
[Date "2019.04.22"]
[Round "-"]
[White "frankly"]
[Black "Till Plewe"]
[Result "1/2-1/2"]
[WhiteCountry "ENG"]
[BlackCountry "JPN"]
[WhiteElo "2636"]
[WhiteRD "75"]
[BlackElo "2547"]
[BlackRD "89"]
[GameID "440474"]

1. e4 e5 2. Nf3 Nc6 3. Bc4 Be7 4. d4 exd4 5. Nxd4 Nf6 6. Nc3 O-O 7. O-O Nxd4 8. Qxd4 d6 9. Bf4 Re8 10. Rad1 Ng4
11. f3 Bf6 12. Qd2 Ne5 13. Be2 Ng6 14. Bg3 Bd7 15. b4 a6 16. Nd5 Bh4 17. Bxh4 Nxh4 18. c4 Bc6 19. Nc3 b6 20. g3 Ng6
21. f4 Nf8 22. Rf2 a5 23. a3 axb4 24. axb4 Ra3 25. Qb2 Qa8 26. Bf3 Nd7 27. Bg2 Nf6 28. Re1 d5 29. e5 Ne4 30. Bxe4 dxe4
31. b5 Bb7 32. Rfe2 Qa5 33. Nxe4 Bxe4 34. Rxe4 Ra2 35. Qd4 Rd2 36. Qe3 Qa2 37. Re2 Red8 38. e6 fxe6 39. Rxe6 Rxe2 40. Qxe2 Qxe2
41. Rxe2 Rd1+ 42. Kg2 Rc1 43. Re4 Rc2+ 44. Kf3 Kf7 45. f5 Rxh2 46. Re6 Rd2 47. g4 h6 48. Rc6 Rd7 49. Ke4 Re7+ 50. Kd4 Rd7+
51. Ke5 Kf8 52. Ke6 Re7+ 53. Kd5 Rd7+ 54. Ke4 Kf7 55. Ke5 Kf8 56. Rg6 Kf7 57. Re6 Rd1 58. Rc6 Rd7 59. Re6 Rd1 60. Rc6=
1/2-1/2

[Event "hungary defence  slow knockout"]
[Site "SchemingMind.com"]
[Date "2019.04.24"]
[Round "-"]
[White "Till Plewe"]
[Black "frankly"]
[Result "1/2-1/2"]
[WhiteCountry "JPN"]
[BlackCountry "ENG"]
[WhiteElo "2520"]
[WhiteRD "92"]
[BlackElo "2639"]
[BlackRD "71"]
[GameID "440475"]

1. e4 e5 2. Nf3 Nc6 3. Bc4 Be7 4. O-O Nf6 5. d3 O-O 6. Re1 d6 7. a4 Be6 8. Nbd2 Qd7 9. h3 a6 10. c3 Rfe8
11. a5 h6 12. Qb3 Nd8 13. Qc2 Bf8 14. b4 Bxc4 15. Nxc4 Nc6 16. Bd2 Rad8 17. Rad1 d5 18. Ne3 dxe4 19. dxe4 Qc8 20. Bc1 Qe6
21. Rd2 b6 22. axb6 cxb6 23. Rxd8 Rxd8 24. Bd2 a5 25. b5 Nb8 26. c4 Nbd7 27. Bc3 Rc8 28. Bb2 Ne8 29. Qe2 Bb4 30. Rc1 Nef6
31. Qc2 Bc5 32. Nd5 Bb4 33. Qb1 Rf8 34. Qa1 Nc5 35. Bxe5 Nb3 36. Nd4 Qxe5 37. Nxb3 Qxa1 38. Nxa1 Nxe4 39. Nxb6 Nc3 40. Kf1 Rd8
41. Nc2 Bc5 42. Ne3 Nxb5 43. Na4 Bxe3 44. fxe3 Na7 45. Ke2=
1/2-1/2